00250nam a2200109Ia 4500003000400000005001700004008004100021020001800062040001000080100001500090245003500105OSt20240110114603.0170523s9999 xx 000 0 und d a9788171338962 ciimtu aGupta- P K 0aGenetics : Classical to modern